Catálogo
 En Linea

Cabeceras de mi blog / (Registro nro. 51637)

Detalles MARC
000 -CABECERA
campo de control de longitud fija 00830nam a22002537a 4500
003 - IDENTIFICADOR DEL NÚMERO DE CONTROL
campo de control DO-SdBNP
005 - FECHA Y HORA DE LA ÚLTIMA TRANSACCIÓN
campo de control 20220504130453.0
007 - CAMPO FIJO DE DESCRIPCIÓN FÍSICA--INFORMACIÓN GENERAL
campo de control de longitud fija ta
008 - DATOS DE LONGITUD FIJA--INFORMACIÓN GENERAL
campo de control de longitud fija 220504b |||||||| |||| 00| 0 eng d
040 ## - FUENTE DE LA CATALOGACIÓN
Centro catalogador/agencia de origen DO-SdBNP
Lengua de catalogación spa
Centro/agencia transcriptor BNPHU
082 #4 - NÚMERO DE LA CLASIFICACIÓN DECIMAL DEWEY
Número de clasificación 006.752
Número de documento/Ítem P438c
Número de edición 22
100 1# - ENTRADA PRINCIPAL--NOMBRE DE PERSONA
Nombre de persona Pérez, Faustino, 1945
Fechas asociadas al nombre 1945
9 (RLIN) 81542
245 10 - MENCIÓN DE TÍTULO
Título Cabeceras de mi blog /
Mención de responsabilidad, etc. Faustino Pérez
260 ## - PUBLICACIÓN, DISTRIBUCIÓN, ETC.
Lugar de publicación, distribución, etc. Santo Domingo :
Nombre del editor, distribuidor, etc. Ediciones Faustino Pérez,
Fecha de publicación, distribución, etc. 2017.
300 ## - DESCRIPCIÓN FÍSICA
Extensión 103 p. :
Otras características físicas il. ;
Dimensiones 23 cm
490 ## - MENCIÓN DE SERIE
Mención de serie Arte y comunicación
590 ## - NOTA LOCAL (RLIN)
Nota local Inventariado, 2022 / SA
650 #4 - PUNTO DE ACCESO ADICIONAL DE MATERIA--TÉRMINO DE MATERIA
Término de materia o nombre geográfico como elemento de entrada Pérez, Faustino
Subdivisión de forma Obras pictóricas
Subdivisión general Blogs
Subdivisión cronológica 1945
9 (RLIN) 81543
650 #4 - PUNTO DE ACCESO ADICIONAL DE MATERIA--TÉRMINO DE MATERIA
Término de materia o nombre geográfico como elemento de entrada Blogueros
Subdivisión geográfica República Dominicana
9 (RLIN) 81544
650 #4 - PUNTO DE ACCESO ADICIONAL DE MATERIA--TÉRMINO DE MATERIA
Término de materia o nombre geográfico como elemento de entrada Artistas informáticos
Subdivisión general Blogs
Subdivisión geográfica República Dominicana
9 (RLIN) 81545
653 ## - TÉRMINO DE INDIZACIÓN--NO CONTROLADO
Término no controlado Un blog personal
910 ## - DATOS DE OPCIÓN DEL USUARIO (OCLC)
Datos de opción del usuario Saquino
942 ## - ELEMENTOS DE PUNTO DE ACCESO ADICIONAL (KOHA)
Fuente del sistema de clasificación o colocación Dewey Decimal Classification
Tipo de ítem Koha Libro
Existencias
Estado de retiro Estado de pérdida Fuente del sistema de clasificación o colocación Restricciones de uso No para préstamo Código de colección Localización permanente Ubicación/localización actual Ubicación en estantería Fecha de adquisición Fuente de adquisición Total de préstamos Signatura topográfica completa Código de barras Fecha visto por última vez Precio válido a partir de Tipo de ítem Koha
    Dewey Decimal Classification Préstamo restringido   Patrimonio Dominicano Biblioteca Nacional Pedro Henríquez Ureña Biblioteca Nacional Pedro Henríquez Ureña En catalogación 01.06.2017 Donado   BNPHU PD 006.752 P438c 2022-1772 04.05.2022 04.05.2022 Libro

Con tecnología Koha